000 00733nam a2200253Ia 4500
003 OSt
005 20220928124443.0
006 a|||||r|||| 00| 0
007 ta
008 220927b |||||||| |||| 00| 0 eng d
024 _a69257
037 _cTextual
040 _aSDCL
_cSDCL
_beng
041 _2eng
_aeng
082 _aB6:2, P5
100 _aEisenbud David
_9465365
245 0 _aGeometry of syzygies
_b A second course in commutative algebra and algebraic geometry.
260 _aNew York
_b Springer
_c2005
300 _axvi,243p
_ccm.
490 _aGraduate texts in mathematics
650 _aAlgebraic geometry
_9409661
942 _hB6:2, P5
_cTEXL
_2CC
999 _c778242
_d778242